Bosnia and Herzegovina - On a Map! - Statistics

General Stats
  • This quiz has been taken 1,418 times
  • The average score is 7 of 12
Answers on the Map
Answers color-coded by a green-red scale on the quiz's map according to % correct below.
 
Answer Stats
Hint Answers % Correct
Capital city - 275 k, Religiously diverse city, site of the Assassination of Franz Ferdinand, the 1984 Winter Olympics, and the devastating almost 4 years siege from 1992-1996 which killed thousands of soldiers and civilians Sarajevo
96%
City - 185 k, de-facto capital of the Republika Srpska Banja Luka
80%
City - 105 k, has a beautiful old city and a famed bridge. The stari most was built from 1557-1566, but was unfortunately destroyed in the Bosnian War. However, it has now been reconstructed using local materials and authentic Ottoman building techniques Mostar
78%
City - 111 k, salt deposits can be found underneath the city, giving it its name. The site of a massacre in 1995 which killed 71 Tuzla
69%
One of the two entities which comprise Bosnia and Herzegovina, and has a majority Serbian population. Suffers from low birth rates and high emigration Republika Srpska
62%
City - 110 k, industrial centre Zenica
61%
River which forms the northern border with Croatia, Sarajevo is located within its basin Sava
54%
City - 107 k, home to Batković POW camp during the Bosnian War, where atrocities were committed against mostly Bosniaks Bijeljina
50%
Tallest mountain, located on the border with Montenegro. The Montenegrin side is two metres taller, however - elevation: 2,386 m Maglić
39%
Bosnia's largest natural park, famed for its picturesque waterfalls Una National Park
31%
Mountain range reaching from Italy down to Albania. The Bosnian section is bare, rocky and karstified Dinaric Alps
27%
Man-made in 1974 to provide hydroelectricity to the Dalmatian coast, one of the largest accumulation lakes in Europe Buško Blato
24%
No matching quizzes found
Score Distribution
Percent of People with Each Score
Percentile by Number Answered
Your Score History
You have not taken this quiz